Sports Quiz

Random Sports or NFL Quiz

2016 NFL Starting QBs (Updated Weekly) Quiz Stats

Quiz not verified by Sporcle

Challenge
Share
Tweet
Embed
Score 0/55 Timer 07:00
0 Plays Today
Team Quarterback % Correct
Arizona CardinalsCarson Palmer
99.1%
Atlanta FalconsMatt Ryan
99.1%
Green Bay PackersAaron Rodgers
99.1%
Detroit LionsMatt Stafford
98.1%
Kansas City CheifsAlex Smith
98.1%
Baltimore RavensJoe Flacco
97.2%
Buffalo BillsTyrod Taylor
97.2%
Carolina PanthersCam Newton
97.2%
Chicago BearsJay Cutler
97.2%
Dallas CowboysDak Prescott
97.2%
Jacksonville JaguarsBlake Bortles
97.2%
New York GiantsEli Manning
97.2%
Seattle SeahawksRussell Wilson
97.2%
Minnesota VikingsSam Bradford
97.2%
New England PatriotsTom Brady
97.1%
New York JetsGeno Smith
96.6%
Cincinnati BengalsAndy Dalton
96.2%
Indianapolis ColtsAndrew Luck
96.2%
New Orleans SaintsDrew Brees
96.2%
Oakland RaidersDerek Carr
96.2%
San Diego ChargersPhilip Rivers
96.2%
Tampa Bay Buccaneers Jameis Winston
96.2%
Miami DolphinsRyan Tannehill
95.3%
New York JetsRyan Fitzpatrick
95.3%
Philadelphia EaglesCarson Wentz
95.3%
Tennessee TitansMarcus Mariota
95.3%
Washington RedskinsKirk Cousins
95.3%
Los Angeles RamsCase Keenum
94.3%
Team Quarterback % Correct
Houston TexansBrock Osweiler
93.4%
San Fransiscao 49ersBlaine Gabbert
93.4%
San Fransiscao 49ersColin Kaepernick
93.3%
Cleveland BrownsRobbert Griffin III
92.5%
Pittsburgh SteelersBen Roethlisberger
92.5%
Cleveland BrownsJosh McCown
92.5%
New England PatriotsJacoby Brissett
90.2%
Denver BroncosTrevor Siemian
88.7%
Chicago BearsBrian Hoyer
87.8%
Carolina PanthersDerek Anderson
85.7%
Los Angeles RamsJared Goff
85.7%
Minnesota VikingsShaun Hill
84.9%
New England PatriotsJimmy Garoppolo
84%
Cleveland BrownsCody Kessler
80.5%
Arizona CardinalsDrew Stanton
80%
Denver BroncosPaxton Lynch
80%
Indianapolis ColtsScott Tolzien
78.6%
Pittsburgh SteelersLandry Jones
75.9%
Buffalo BillsEJ Manuel
75%
Houston TexansTom Savage
75%
Oakland RaidersMatt McGloin
66.7%
Tennessee TitansMatt Cassel
66.7%
Miami DolphinsMatt Moore
64.3%
New York JetsBryce Petty
63.6%
Kansas City CheifsNick Foles
59.1%
Oakland RaidersConnor Cook
58.3%
Chicago BearsMatt Barkley
57.1%

You're not logged in!

Compare scores with friends on all Sporcle quizzes.
Sign Up with Email
OR
Log In

You Might Also Like...

Show Comments

Extras

Top Quizzes Today


Score Distribution

Your Account Isn't Verified!

In order to create a playlist on Sporcle, you need to verify the email address you used during registration. Go to your Sporcle Settings to finish the process.